000 00679nam a2200241Ia 4500
003 OSt
005 20220930200247.0
006 a|||||r|||| 00| 0
007 ta
008 220926b |||||||| |||| 00| 0 hin d
024 _a20306
037 _cDissertations
040 _aCRL
_cCRL
_bhin
041 _2hin
_ahin
100 _aVrat Indu
_9564745
110 _aUniversity of Delhi. Faculty of Arts. Department of Hindi
245 0 _aRamcharitmanas mein prakrati chitran
260 _c1981
650 _aHINDI LITERATURE
_923866
700 _aUniversity of Delhi. Faculty of Arts. Department of Hindi
942 _cDIS
_2CC
999 _c900396
_d900396